000 00533nam a2200181Ia 4500
008 240729s9999 xx 000 0 und d
022 _a2001-8525
245 0 _aEuropean Clinical Respiratory Journal
260 _aUnited Kingdom
260 _bTaylor & Francis Group
650 _a Diseases of the respiratory system
650 _a Internal medicine
650 _a Specialties of internal medicine
650 _aMedicine
856 _uhttps://doaj.org/toc/321ace159c684f959765655f84b7d0fa
942 _2ddc
942 _cDOAJEJ
999 _c69129
_d69129
945 _a1
_bMadushi Gamage
_c1
_dMadushi Gamage